Online Catalogue and eLibrary

Women and right-wing movements : (Record no. 216)

MARC details
000 -LEADER
fixed length control field 00752cam a2200265 a 4500
001 - CONTROL NUMBER
control field 2570541
005 - DATE AND TIME OF LATEST TRANSACTION
control field 20240129234214.0
008 - FIXED-LENGTH DATA ELEMENTS--GENERAL INFORMATION
fixed length control field 950726s1995 enk b 001 0 eng d
020 ## - INTERNATIONAL STANDARD BOOK NUMBER
ISBN 1856492893 (hb)
020 ## - INTERNATIONAL STANDARD BOOK NUMBER
ISBN 1856492900 (pb)
040 ## - CATALOGING SOURCE (பட்டியலாக்க மூலம்)
Original cataloging agency MiU
Transcribing agency MiU
Modifying agency MiKW
-- DLC
082 00 - DDC Classification
Class No. 305.4
DDC Edition Number 20
245 00 - TITLE STATEMENT
Title Women and right-wing movements :
Remainder of title Indian experiences /
Statement of responsibility, etc. edited by Tanika Sarkar, Urvashi Butalia.
260 ## - PUBLICATION, DISTRIBUTION, ETC.
Place of publication, distribution, etc. London ;
-- New Jersey :
Name of publisher, distributor, etc. Zed Books,
Date of publication, distribution, etc. 1995.
300 ## - PHYSICAL DESCRIPTION
Extent (e.g. Volumes, Pages etc.) 342 p. ;
650 #0 - SUBJECT ADDED ENTRY--TOPICAL TERM
Topical term or geographic name entry element Women
650 #0 - SUBJECT ADDED ENTRY--TOPICAL TERM
Topical term or geographic name entry element Women in Hinduism
650 #0 - SUBJECT ADDED ENTRY--TOPICAL TERM
Topical term or geographic name entry element Hinduism and state
650 #0 - SUBJECT ADDED ENTRY--TOPICAL TERM
Topical term or geographic name entry element Right-wing extremists
650 #0 - SUBJECT ADDED ENTRY--TOPICAL TERM
Topical term or geographic name entry element Communalism
650 #0 - SUBJECT ADDED ENTRY--TOPICAL TERM
Topical term or geographic name entry element Feminism
700 1# - ADDED ENTRY--PERSONAL NAME
Personal name Sarkar, Tanika,
Relator term (Role) Editor
700 1# - ADDED ENTRY--PERSONAL NAME
Personal name Butalia, Urvashi.
Relator term (Role) Editor
942 ## - Koha item type (Biblio)
Koha item type Books in Stacks (Lending)
Holdings
Lost status Damaged status Collection code Home library Current library Date acquired Full call number Accession Number Item type
    Lending WERC Library WERC Library 01/30/2024 305.4 5428 Books in Stacks (Lending)

© WERC Library